Вычислительные машины и программирование. Ч. 1 (Запись № 7724080)

Подробности
000 -МАРКЕР
контрольное поле 01290nam2a22002531 4500
001 - ИДЕНТИФИКАТОР ЗАПИСИ
контрольное поле rc\3348886
005 - ИДЕНТИФИКАТОР ВЕРСИИ
контрольное поле 20250609215625.0
021 ## - НОМЕР ГОСУДАРСТВЕННОЙ РЕГИСТРАЦИИ
Код страны Российская Федерация
Номер [71-30289]
035 ## - ДРУГИЕ СИСТЕМНЫЕ НОМЕРА
Идентификатор записи (NLR Aleph) 007520603
100 ## - ДАННЫЕ ОБЩЕЙ ОБРАБОТКИ
Данные общей обработки 20130115d1971 |||y0rusy50 ca
101 0# - ЯЗЫК РЕСУРСА
Язык текста, звукозаписи и т.д. русский
102 ## - СТРАНА ПУБЛИКАЦИИ ИЛИ ПРОИЗВОДСТВА
Страна публикации Российская Федерация
105 ## - ПОЛЕ КОДИРОВАННЫХ ДАННЫХ: ТЕКСТОВЫЕ МАТЕРИАЛЫ, МОНОГРАФИЧЕСКИЕ
Кодированные данные о монографическом текстовом документе y z |||||
200 0# - ЗАГЛАВИЕ И СВЕДЕНИЯ ОБ ОТВЕТСТВЕННОСТИ
Основное заглавие Ч. 1
210 ## - ПУБЛИКАЦИЯ, РАСПРОСТРАНЕНИЕ И ДР.
Дата издания, распространения и т.д. 1971
Место издания, распространения и т.д. Б. м.
215 ## - ФИЗИЧЕСКАЯ ХАРАКТЕРИСТИКА
Специфическое обозначение материала и объем 155 с.
300 ## - ОБЩИЕ ПРИМЕЧАНИЯ
Текст примечания Авт. ч. 2: С.С. Лавров и О.Н. Кацкова
461 #0 - УРОВЕНЬ НАБОРА
Встроенное поле 001rc\3348885
-- 2001#$aВычислительные машины и программирование$e(Тексты лекций)$eЧ. 1-$fМоск. гос. ун-т им. М.В. Ломоносова. Фак. вычислит. математики и кибернетики$vЧ. 1
-- 700#1$aЛавров$bС.С.$f1923-$gСвятослав Сергеевич
Системный номер (АБИС) связанной записи 7724077
Автор Лавров, С.С. (1923-)
Место публикации Москва
Дата публикации 1971-
Первые сведения об ответственности Моск. гос. ун-т им. М.В. Ломоносова. Фак. вычислит. математики и кибернетики
Имя издателя, распространителя и т.д. Б. и.
Сведения, относящиеся к заглавию (Тексты лекций) : Ч. 1-
Заглавие Вычислительные машины и программирование
Номер тома Ч. 1
801 #0 - ИСТОЧНИК ЗАПИСИ
Страна Российская Федерация
Организация NLR
Правила каталогизации psbo
801 #1 - ИСТОЧНИК ЗАПИСИ
Страна Российская Федерация
Организация ELAR
Источник данных rusmarc
852 ## - МЕСТОНАХОЖДЕНИЕ И ШИФР ХРАНЕНИЯ
Идентификатор организации NLR
Шифр хранения (Call Number) 71-3/2432
942 ## - ДОПОЛНИТЕЛЬНЫЕ ЭЛЕМЕНТЫ ЗАПИСИ (АБИС)
Тип экземпляра АБИС Книга
980 ## - КОЛЛЕКЦИЯ
Название коллекции Национальная библиография
Экземпляры
Тип экземпляра Дата поступления Библиотека постоянного хранения Библиотека текущего хранения Место хранения Шифр хранения Штрих-код Статус экземпляра
Книга 26.10.2013 РНБ (Московский) РНБ (Московский) Русский книжный фонд: издания с 1957 года 71-3/2432 7520603-10